Welcome to WEB OPAC of MRSPTU Central Library

An introduction to computational fluid dynamics (Record no. 5910)

MARC details
000 -LEADER
fixed length control field 00487nam a2200181Ia 4500
008 - FIXED-LENGTH DATA ELEMENTS--GENERAL INFORMATION
fixed length control field 230711s9999||||xx |||||||||||||| ||und||
020 ## - INTERNATIONAL STANDARD BOOK NUMBER
International Standard Book Number 978-89-317-2048-6
041 ## - LANGUAGE CODE
Language code of text/sound track or separate title ENG
082 ## - DEWEY DECIMAL CLASSIFICATION NUMBER
Classification number 620.106
Item number VE-A
100 ## - MAIN ENTRY--PERSONAL NAME
Personal name Versteeg,H
245 #3 - TITLE STATEMENT
Title An introduction to computational fluid dynamics
Remainder of title The finite volume method
250 ## - EDITION STATEMENT
Edition statement 2nd . . Ed.
260 ## - PUBLICATION, DISTRIBUTION, ETC.
Date of publication, distribution, etc. 2009
Place of publication, distribution, etc. New Delhi
Name of publisher, distributor, etc. Pearson
300 ## - PHYSICAL DESCRIPTION
Extent 516p.
650 ## - SUBJECT ADDED ENTRY--TOPICAL TERM
Topical term or geographic name entry element Mechanical Engineering
700 ## - ADDED ENTRY--PERSONAL NAME
Personal name Malalasekera,W
942 ## - ADDED ENTRY ELEMENTS (KOHA)
Koha item type Book
Holdings
Withdrawn status Lost status Damaged status Not for loan Collection Home library Current library Date acquired Cost, normal purchase price Inventory number Total checkouts Full call number Barcode Date last seen Price effective from Koha item type
          MRSPTU Central Library MRSPTU Central Library   789.00 2142502   620.106 VE-A 31899 08/17/2023 08/17/2023 Book
          MRSPTU Central Library MRSPTU Central Library   789.00 2142502   620.106 VE-A 31900 08/17/2023 08/17/2023 Book
          MRSPTU Central Library MRSPTU Central Library   789.00 2142502   620.106 VE-A 31901 08/17/2023 08/17/2023 Book
          MRSPTU Central Library MRSPTU Central Library   789.00 2142502   620.106 VE-A 31902 08/17/2023 08/17/2023 Book
          MRSPTU Central Library MRSPTU Central Library   789.00 2142502   620.106 VE-A 31903 08/17/2023 08/17/2023 Book
          MRSPTU Central Library MRSPTU Central Library         620.106 VE-A 39725 08/17/2023 08/17/2023 Book
          MRSPTU Central Library MRSPTU Central Library         620.106 VE-A 39726 08/17/2023 08/17/2023 Book
          MRSPTU Central Library MRSPTU Central Library         620.106 VE-A 39727 08/17/2023 08/17/2023 Book
          MRSPTU Central Library MRSPTU Central Library         620.106 VE-A 39728 08/17/2023 08/17/2023 Book
          MRSPTU Central Library MRSPTU Central Library         620.106 VE-A 39729 08/17/2023 08/17/2023 Book

Website Designed and Developed by MRSPTU Central Library Team

E-mail Id: librarian@mrsptu.ac.in